000 00440nam a22001817a 4500
003 koha_MIRAKIL
005 20231213065351.0
008 231213b |||||||| |||| 00| 0 ||| d
020 _b978-9-75100556-4
040 _aTR-IsEVY
_btur
_cTR-IsEVY
082 _a813.32 EKR/A
100 _aEKREM, RECAİZADE MAHMUT.
245 0 _aARABA SEVDASI.
260 _bİNKILAP,
300 _a237.
650 _aTürk Edebiyatı.
942 _2ddc
_cBK
999 _c2466
_d2466